[Event "Invitation"]
[Site "http://www.queenalice.com/game.php?id=7047"]
[Date "2005.3.16"]
[Round "-"]
[White "EduardoMiller"]
[Black "luiz"]
[Result "0-1"]
[WhiteElo "1098"]
[BlackElo "1450"]

1. d4 d5 2. g3 c6 3. f4 g6 4. Na3 b5 5. e3 h5 6. c4 bxc4 7. h3 e6 8. b4 cxb3 9.
axb3 a5 10. f5 gxf5 11. Nf3 Bd6 12. Rg1 c5 13. Nb5 Be7 14. b4 cxb4 15. g4 hxg4
16. hxg4 fxg4 17. Rxg4 e5 18. dxe5 Bxg4 19. Bb2 Rh1 20. Nbd4 Bc5 21. Rc1 Bxd4
22. exd4 Rh3 23. Bg2 Rg3 24. Qd2 Na6 25. Ng5 f6 26. Ne6 Bxe6 27. Qf4 Rxg2 28.
Ba1 Qe7 29. Qh4 Qg7 30. Rc6 Rg1+ 31. Kd2 Qg2+ 32. Kd3 Qf3+ 33. Kc2 Rg2+ 34. Kc1
Qf1+ 0-1

[Event "Invitation"]
[Site "http://www.queenalice.com/game.php?id=8558"]
[Date "2005.4.1"]
[Round "-"]
[White "EduardoMiller"]
[Black "luiz"]
[Result "0-1"]
[WhiteElo "1018"]
[BlackElo "1368"]

1. e4 e5 2. c4 d6 3. d4 f6 4. Qa4+ Bd7 5. Qd1 c5 6. dxc5 dxc5 7. Nc3 Bc6 8. Qh5+
g6 9. Qf3 h5 10. Bd2 g5 11. Nd5 Bxd5 12. exd5 Qb6 13. O-O-O g4 14. Qe3 Nd7 15.
d6 O-O-O 16. Nh3 Qxd6 17. b4 Bh6 18. Qa3 Nb6 19. Qxa7 Bxd2+ 20. Rxd2 Qxd2+ 21.
Kb1 Kc7 22. Ng1 Ra8 23. Qxb6+ Kxb6 24. bxc5+ Kxc5 25. h3 Rxa2 26. Be2 Qb2# 0-1

[Event "Challenge"]
[Site "http://www.queenalice.com/game.php?id=8567"]
[Date "2005.4.1"]
[Round "-"]
[White "luiz"]
[Black "Balrog"]
[Result "0-1"]
[WhiteElo "1454"]
[BlackElo "1100"]

1. e4 e5 2. c4 Bc5 3. Nh3 d6 4. a3 Bxh3 5. b4 Bd4 6. Ra2 Be6 7. d3 b5 8. Rc2 a6
9. Bb2 Nc6 10. cxb5 axb5 11. Bxd4 Nxd4 12. Rc3 Nf6 13. Qc1 Ra7 14. g3 Nf3+ 15.
Ke2 Bg4 16. Kd1 Nd4+ 17. Kd2 Nd7 18. h3 Be6 19. Be2 Nb6 20. Bg4 Bb3 21. Bd1 Bxd1
22. Qxd1 Na4 23. Rc1 Nb2 24. Qh5 h6 25. f4 g6 26. Qh4 Nf3+ 27. Kc3 Na4+ 28. Kc2
Nxh4 29. gxh4 Qxh4 30. fxe5 Qf2+ 31. Nd2 Ke7 32. Rcf1 Qd4 33. Nb1 Qb2+ 34. Kd1
Qxb1+ 35. Ke2 Qb2+ 36. Kf3 dxe5 37. Rf2 Qxa3 38. Rd2 Qxb4 39. Rhd1 Nc3 40. Rc1
Rd8 41. Rdc2 Ra3 42. Kf2 Rxd3 43. h4 Qxe4 44. Re1 Rf3+ 45. Kg2 Qg4+ 46. Kh2 Rh3#
0-1

[Event "AUTO-ADV-34"]
[Site "http://www.queenalice.com/game.php?id=9408"]
[Date "2005.4.11"]
[Round "1"]
[White "catalan"]
[Black "luiz"]
[Result "1-0"]
[WhiteElo "1500"]
[BlackElo "1320"]

1. e4 e5 2. Nf3 f6 3. Bc4 Ne7 4. Nc3 Nbc6 5. O-O g5 6. d4 exd4 7. Nxd4 Bg7 8.
Nf5 Nxf5 9. Qh5+ Ke7 10. Qf7+ Kd6 11. Rd1+ Ncd4 12. Nb5+ Kc6 13. Nxd4+ Kb6 14.
Nxf5 Qe8 15. Qxe8 Rxe8 16. Nxg7 Rxe4 17. Be3+ c5 18. Bd5 Re5 19. b4 d6 20. bxc5+
dxc5 21. Rab1+ Ka5 22. Bd2+ Ka4 23. Bxb7 Bxb7 24. Rxb7 Rd8 25. Rxa7+ Kb5 26.
Rb1+ Kc6 27. Ra6+ Kd5 28. Bc3 Kc4 29. Bxe5 Rd2 30. Bxf6 Rxc2 31. Bxg5 Kd3 32.
Ra3+ Ke2 33. Re3+ Kd2 34. Ree1+ Kd3 35. Rb3+ Kc4 36. Rc1 Rxc1+ 37. Bxc1 Kd5 38.
a4 c4 39. Rb5+ Ke4 40. Rc5 1-0

[Event "AUTO-ADV-34"]
[Site "http://www.queenalice.com/game.php?id=9409"]
[Date "2005.4.11"]
[Round "1"]
[White "luiz"]
[Black "catalan"]
[Result "0-1"]
[WhiteElo "1310"]
[BlackElo "1509"]

1. d4 d5 2. e3 Nc6 3. g3 Nf6 4. Nf3 Bg4 5. h3 Bf5 6. g4 Be4 7. Bb5 a6 8. Bxc6+
bxc6 9. Nbd2 e6 10. g5 Nd7 11. c4 Bxf3 12. Qxf3 Qxg5 13. Rg1 Qf6 14. cxd5 cxd5
15. Rg3 Bd6 16. Rg4 Qxf3 17. Nxf3 O-O 18. b3 Nf6 19. Rg5 Ne4 20. Rg4 c5 21. dxc5
Bxc5 22. Bb2 g6 23. a3 a5 24. Rc1 Be7 25. Rc7 Bd6 26. Rb7 Rfb8 27. Rd7 Rxb3 28.
Bd4 Bxa3 29. Rf4 Rf8 30. h4 Bb4+ 31. Kf1 Nd2+ 32. Kg2 Nxf3 33. Kxf3 Bc3 34. h5
Bxd4 35. Rxd4 Rb4 36. hxg6 hxg6 37. Ra7 Rxd4 38. exd4 Rc8 39. Rxa5 Rc4 40. Ra8+
Kg7 41. Ke3 Rc3+ 42. Ke2 g5 43. f3 Rc2+ 44. Ke3 Rh2 45. f4 Rh3+ 46. Kf2 gxf4 47.
Ra1 f6 48. Rd1 Kg6 49. Kg2 Rg3+ 50. Kf2 Kf5 0-1

[Event "AUTO-ADV-34"]
[Site "http://www.queenalice.com/game.php?id=9424"]
[Date "2005.4.11"]
[Round "1"]
[White "michas"]
[Black "luiz"]
[Result "1-0"]
[WhiteElo "1610"]
[BlackElo "1393"]

1. b4 e5 2. Bb2 Qf6 3. Nf3 e4 4. Bxf6 exf3 5. Bc3 fxg2 6. Bxg2 d6 7. Rg1 Be7 8.
Bxg7 Bf6 9. Bxh8 Bxa1 10. Bxa1 Na6 11. Bxb7 Bxb7 12. Rxg8+ Ke7 13. Rxa8 Bxa8 14.
c3 c5 15. Qa4 Bb7 16. b5 1-0

[Event "AUTO-ADV-34"]
[Site "http://www.queenalice.com/game.php?id=9425"]
[Date "2005.4.11"]
[Round "1"]
[White "luiz"]
[Black "michas"]
[Result "0-1"]
[WhiteElo "1349"]
[BlackElo "1624"]

1. e4 e6 2. Qf3 Qf6 3. e5 Qxe5+ 4. Be2 Nc6 5. Nh3 Nd4 6. Qd3 Nxe2 7. Qxe2 Qxe2+
8. Kxe2 g6 9. Re1 b6 10. Kf1 Ba6+ 11. d3 Bg7 12. a4 Ne7 13. Ra3 c5 14. c4 Nc6
15. Bd2 Bxb2 16. Ra2 Bg7 17. g3 Nd4 18. Bc3 O-O 19. Bxd4 Bxd4 20. Rae2 Bb7 21.
f4 d5 22. Nd2 Bc3 23. g4 dxc4 24. Nf2 cxd3 25. Nxd3 Ba6 26. Re3 Bxd2 27. Rd1
Bxe3 28. Ke2 Bxf4 29. Kf3 Bxh2 30. Nb4 Bb7+ 31. Kf2 cxb4 32. Rd7 Ba6 33. Kf3
Rfd8 34. Re7 Rd3+ 35. Ke4 b3 0-1

[Event "AUTO-ADV-34"]
[Site "http://www.queenalice.com/game.php?id=9436"]
[Date "2005.4.11"]
[Round "1"]
[White "luiz"]
[Black "kynyo"]
[Result "0-1"]
[WhiteElo "1381"]
[BlackElo "1582"]

1. e4 e5 2. Bc4 Nf6 3. Nh3 h6 4. O-O d6 5. Qf3 Nc6 6. Nc3 Nd4 7. Qd1 Bxh3 8.
gxh3 c6 9. d3 Qc8 10. Be3 Qxh3 11. Bxd4 Ng4 12. Re1 Qxh2+ 13. Kf1 Qh3+ 14. Ke2
exd4 15. Na4 Ne5 16. c3 dxc3 17. bxc3 b5 18. Nb2 bxc4 19. Nxc4 Be7 20. Qa4 Qxd3#
0-1

[Event "AUTO-ADV-34"]
[Site "http://www.queenalice.com/game.php?id=9437"]
[Date "2005.4.11"]
[Round "1"]
[White "kynyo"]
[Black "luiz"]
[Result "1-0"]
[WhiteElo "1658"]
[BlackElo "1342"]

1. d4 e6 2. e4 d5 3. e5 f6 4. Nf3 g5 5. c4 fxe5 6. Nxe5 dxc4 7. Qh5+ Ke7 8.
Bxg5+ Nf6 9. Qf7+ Kd6 10. Bxf6 Be7 11. Bxh8 Qxh8 12. Bxc4 Nc6 13. Nxc6 bxc6 14.
Qf4+ Kd7 15. O-O Bf6 16. Re1 Bxd4 17. Bxe6+ Kd8 18. Qh4+ Qf6 19. Qxf6+ Bxf6 20.
Nc3 Ba6 21. Rad1+ Ke7 22. Bc4+ Kf8 23. Bxa6 Rd8 24. Rxd8+ Bxd8 25. Bb7 c5 26.
Nd5 c4 27. Nf4 Bf6 28. b3 c3 29. Be4 Kg7 30. Ne6+ Kh6 31. Nxc7 Kg5 32. Nd5 Bd4
33. Bxh7 Kh6 34. Bd3 Kg5 35. Kf1 a5 36. Rc1 Kg4 37. Nxc3 Bxc3 38. Rxc3 Kg5 39.
Rc5+ 1-0

[Event "Challenge"]
[Site "http://www.queenalice.com/game.php?id=9487"]
[Date "2005.4.11"]
[Round "-"]
[White "luiz"]
[Black "oldwave"]
[Result "0-1"]
[WhiteElo "1396"]
[BlackElo "1750"]

1. e4 e6 2. d4 d5 3. exd5 exd5 4. b3 Nf6 5. Nf3 Bd6 6. c4 O-O 7. cxd5 Nxd5 8.
Bc4 Re8+ 9. Be3 Nxe3 10. fxe3 Rxe3+ 11. Kf1 Bg4 12. Kf2 Re7 13. Qd2 Bxf3 14.
gxf3 Nd7 15. Rg1 c5 16. Qg5 g6 17. Rg4 cxd4 18. Rh4 Re2+ 19. Kxe2 Qxg5 20. Rg4
Qc1 21. Rf4 Bxf4 22. a4 Qb2+ 0-1

[Event "Challenge"]
[Site "http://www.queenalice.com/game.php?id=14900"]
[Date "2005.5.31"]
[Round "-"]
[White "Marcone"]
[Black "luiz"]
[Result "1-0"]
[WhiteElo "1336"]
[BlackElo "1338"]

1. e4 e6 2. d4 d5 3. Nc3 Nf6 4. e5 Nfd7 5. Nf3 c5 6. Bb5 a6 7. Ba4 b5 8. Bb3
cxd4 9. Qxd4 Nc6 10. Qf4 Qc7 11. a4 Ndxe5 12. axb5 Nb4 13. Nxe5 a5 14. Ba4 Ke7
15. Nc6+ Kd7 16. Qxf7+ Kd6 17. Bf4+ Kc5 18. Qxc7 g6 19. b3 h5 20. Be3+ d4 21.
Bxd4# 1-0

[Event "Challenge"]
[Site "http://www.queenalice.com/game.php?id=17402"]
[Date "2005.6.25"]
[Round "-"]
[White "tecnologoemsaude"]
[Black "luiz"]
[Result "0-1"]
[WhiteElo "1279"]
[BlackElo "1302"]

1. e4 Nf6 2. Nc3 e5 3. Nf3 d6 4. Bc4 Be7 5. Ng5 O-O 6. b3 c6 7. d4 b5 8. Be2 Qa5
9. Qd2 Nfd7 10. h4 c5 11. Bxb5 a6 12. Bc4 Nc6 13. Nd5 Bd8 14. O-O Nxd4 15. Ne7+
Kh8 16. Bxf7 Qb6 17. Bg8 Bxe7 18. Bd5 Rb8 19. c3 Nb5 20. f4 h6 21. fxe5 hxg5 22.
Rxf8+ Nxf8 23. Qf2 dxe5 24. Qf7 Be6 25. Qh5+ Nh7 26. hxg5 c4+ 27. Kf1 Rf8+ 28.
Ke1 Qf2+ 29. Kd1 Nxc3# 0-1

[Event "Challenge"]
[Site "http://www.queenalice.com/game.php?id=18014"]
[Date "2005.7.1"]
[Round "-"]
[White "tecnologoemsaude"]
[Black "luiz"]
[Result "0-1"]
[WhiteElo "1301"]
[BlackElo "1317"]

1. e4 e5 2. c3 d6 3. Bc4 Be6 4. b3 a6 5. d4 b5 6. Bd5 Bxd5 7. exd5 Nf6 8. dxe5
dxe5 9. Bg5 h6 10. Bh4 g5 11. Bg3 c6 12. Bxe5 Bg7 13. d6 O-O 14. Qd4 c5 15. Qxc5
Nfd7 16. Qc7 Nxe5 17. Nf3 Nec6 18. Nd4 Ra7 19. Nxc6 Qxc7 20. dxc7 Nxc6 21. a4 b4
22. O-O bxc3 23. Na3 Nb4 24. Nc4 Rxc7 25. Nd6 c2 26. g3 Bxa1 27. Rxa1 c1=Q+ 28.
Rxc1 Rxc1+ 29. Kg2 Rc3 30. Nf5 Kh7 31. Kh3 Rxb3 32. Kg4 Kg6 33. h4 Nd5 34. h5+
Kh7 35. f4 Rb4 36. Kh3 gxf4 37. g4 Rg8 38. Nd6 f3 39. Kg3 Rgxg4+ 40. Kf2 Rb2+
41. Kxf3 Rf4+ 42. Kg3 Rb3+ 43. Kg2 Rxa4 44. Nxf7 Ra2+ 0-1

[Event "Challenge"]
[Site "http://www.queenalice.com/game.php?id=18428"]
[Date "2005.7.5"]
[Round "-"]
[White "EduardoMiller"]
[Black "luiz"]
[Result "0-1"]
[WhiteElo "1001"]
[BlackElo "1353"]

1. e4 e5 2. d3 d6 3. c4 Na6 4. Nc3 g6 5. Nh3 h5 6. f4 f6 7. fxe5 fxe5 8. b3 Bg4
9. Bg5 Be7 10. a4 Bxd1 11. Kxd1 Bxg5 12. Rb1 Be3 13. Ke2 Bd4 14. Nb5 c6 15. Nxd4
exd4 16. Nf4 Qf6 17. g3 g5 18. Ng2 g4 19. Nh4 O-O-O 20. e5 Qxe5+ 21. Kd2 Qe3+
22. Kc2 Nb4+ 23. Kb2 Qd2+ 24. Ka3 a5 25. Rb2 Qc1 26. Bg2 Qe3 27. Rc1 Qxc1 28.
Ng6 Qa1+ 29. Ra2 Qxa2# 0-1

[Event "Challenge"]
[Site "http://www.queenalice.com/game.php?id=18768"]
[Date "2005.7.8"]
[Round "-"]
[White "tecnologoemsaude"]
[Black "luiz"]
[Result "0-1"]
[WhiteElo "1399"]
[BlackElo "1334"]

1. e4 e5 2. Nf3 d6 3. h3 Be7 4. Nc3 Nh6 5. d4 exd4 6. Qxd4 Bf6 7. Bg5 Bxg5 8.
Qxg7 Rg8 9. Qxh7 Rg6 10. h4 Be7 11. h5 Rg8 12. Qxh6 Bg5 13. Qh7 Ke7 14. Bc4 Qf8
15. Nd5+ Kd8 16. e5 c6 17. Nb4 d5 18. Rd1 Qxb4+ 19. c3 Qxb2 20. Qxg8+ Kc7 21.
Qxg5 Qxc3+ 22. Nd2 dxc4 23. Qe7+ Bd7 24. O-O Qd4 25. Nf3 Qg4 26. Qd6+ Kc8 27.
Qf8+ Kc7 28. Qd6+ Kc8 29. Rd4 Qxh5 30. Rfd1 Qf5 31. Qf8+ Kc7 32. Rxc4 Qe6 33.
Rcd4 Qe8 34. Qxe8 Bxe8 35. Rd8 Bd7 36. Rf8 Be6 37. a4 a5 38. g4 Bd5 39. g5 Ra6
40. e6 Bxe6 41. Rdd8 Nd7 42. Nd4 Nxf8 43. Rxf8 Kd7 44. Rh8 c5 45. Nxe6 Rxe6 46.
Rh7 Ke7 47. Rh4 Rg6 48. Re4+ Kf8 49. Re5 b6 50. f4 c4 51. Re1 f6 52. Rc1 fxg5
53. f5 Rc6 54. Kg2 c3 55. f6 c2 56. Kg3 Rc4 57. Kf3 Kf7 58. Ke3 Kxf6 59. Kd3
Rxa4 60. Rxc2 Rb4 61. Rf2+ Rf4 62. Rb2 Rb4 63. Rf2+ Kg6 64. Rc2 g4 65. Ke2 a4
66. Kf2 Kg5 67. Rc8 b5 0-1

[Event "Invitation"]
[Site "http://www.queenalice.com/game.php?id=21378"]
[Date "2005.7.25"]
[Round "-"]
[White "luiz"]
[Black "valdecir"]
[Result "0-1"]
[WhiteElo "1355"]
[BlackElo "1370"]

1. e3 e6 2. d4 b6 3. Be2 Qg5 4. Bf3 c6 5. Nh3 Qe7 6. O-O e5 7. Nd2 Qf6 8. Ne4
Qg6 9. dxe5 d5 10. exd6 Bxh3 11. b3 Bf5 12. Ng3 Bxc2 13. Qd2 Qd3 14. Bxc6+ Nxc6
15. Rd1 Qxd2 16. Rxd2 Bg6 17. Ba3 Kd8 18. Rc1 Kd7 19. Bb2 Nf6 20. Ba3 Ne4 21.
Nxe4 Bxe4 22. f3 Bg6 23. e4 f5 24. e5 Nxe5 25. Rc7+ Ke6 26. Bb2 Bxd6 27. Rxg7 f4
28. Rd4 Bc5 29. Rb7 Bxd4+ 30. Bxd4 Rhd8 31. Bc3 Rd7 32. Rxd7 Nxd7 33. g3 Rc8 34.
Bd2 fxg3 35. hxg3 Ne5 36. f4 Nf3+ 37. Kf2 Nxd2 38. Ke3 Nf1+ 39. Kf3 Rc2 40. g4
Kd5 41. f5 Be8 42. a4 Ke5 43. g5 Kxf5 44. g6 Bc6# 0-1

[Event "Invitation"]
[Site "http://www.queenalice.com/game.php?id=21623"]
[Date "2005.7.28"]
[Round "-"]
[White "EduardoMiller"]
[Black "luiz"]
[Result "0-1"]
[WhiteElo "1082"]
[BlackElo "1365"]

1. e4 e5 2. a4 a5 3. c3 Nf6 4. d3 Be7 5. g4 d6 6. Nh3 Bxg4 7. f3 Bh5 8. Rg1 g6
9. Bh6 Ng8 10. c4 Nxh6 11. Nd2 Nc6 12. Nb3 Nd4 13. Nxd4 exd4 14. Rb1 Bh4+ 15.
Ke2 Qf6 16. Kd2 Bxf3 17. Qc1 Bg4 18. Rg2 Bxh3 19. Rg1 Bg5+ 20. Kd1 Bxc1 21. Rxc1
Qf2 22. Bxh3 Qxg1+ 23. Kc2 Qxh2+ 24. Kb3 Qxh3 25. Ka3 Qxd3+ 26. b3 Qxe4 27. b4
Qe3+ 28. Kb2 axb4 29. a5 Rxa5 30. Rc2 Qa3+ 0-1

[Event "sampa"]
[Site "http://www.queenalice.com/game.php?id=23053"]
[Date "2005.8.7"]
[Round "-"]
[White "valdir"]
[Black "luiz"]
[Result "1-0"]
[WhiteElo "1602"]
[BlackElo "1387"]

1. Nc3 e6 2. e4 Nc6 3. Bb5 e5 4. Bxc6 dxc6 5. a3 Nf6 6. d3 h5 7. h3 g6 8. Bg5 b5
9. Nge2 h4 10. Qd2 Be7 11. b4 Nh5 12. Be3 f5 13. exf5 gxf5 14. f4 Bd6 15. fxe5
Bxe5 16. O-O-O Qd6 17. d4 Bg7 18. Rdf1 Bh6 19. Bxh6 Rxh6 20. Rf2 Bd7 21. Qe3+
Re6 22. Qg5 Nf6 23. Qxh4 O-O-O 24. Kb2 Ne4 25. Nxe4 Rxe4 26. Qg5 Rxd4 27. Nc3 a5
28. Na2 axb4 29. Nxb4 c5 30. Nd3 b4 31. Ra1 bxa3+ 32. Rxa3 Qb6+ 33. Kc1 Re8 34.
Ra8+ Kb7 35. Rxe8 Bxe8 36. Qxf5 Rc4 37. Qd5+ Ka7 38. Qxc4 Qa5 39. Qxc5+ Qxc5 40.
Nxc5 Kb6 41. Nd3 c6 42. g4 Bd7 43. Nf4 Kb5 44. g5 Kc4 45. g6 Be8 46. g7 Bf7 47.
h4 Kd4 48. h5 Ke3 49. Rf1 Bc4 50. Nd3 Ke2 51. Re1+ Kf3 52. h6 Bg8 53. Re8 Bh7
54. g8=Q Bxg8 55. Rxg8 Ke4 56. h7 Kd5 57. h8=Q c5 58. Qe5+ Kc6 59. Qxc5+ Kd7 60.
Rg7+ Ke6 61. Rg6+ Kf7 62. Ne5+ Ke8 63. Qc7 Kf8 64. Qf7# 1-0

[Event "Invitation"]
[Site "http://www.queenalice.com/game.php?id=23196"]
[Date "2005.8.8"]
[Round "-"]
[White "luiz"]
[Black "valdecir"]
[Result "0-1"]
[WhiteElo "1370"]
[BlackElo "1637"]

1. e3 e6 2. d4 g6 3. b3 Bg7 4. c3 b6 5. b4 Bb7 6. f3 d5 7. b5 a6 8. a4 axb5 9.
Bxb5+ c6 10. Bd3 b5 11. Ne2 Qh4+ 12. g3 Qh3 13. Kd2 Qg2 14. Qf1 Qxf1 15. Rxf1
Rxa4 16. Rxa4 bxa4 17. Bc2 Nf6 18. Ba3 Bf8 19. Bxf8 Kxf8 20. Bxa4 Nbd7 21. Na3
Nb6 22. Rb1 Nfd7 23. e4 Ke7 24. Bc2 Ra8 25. Rb3 Rxa3 26. Rxa3 Nc4+ 27. Kc1 Nxa3
28. Bd3 Nb8 29. h4 Ba6 30. Bxa6 Nxa6 31. Nf4 Nc7 32. g4 dxe4 33. fxe4 Nc4 34. h5
Nb5 35. d5 e5 36. hxg6 hxg6 37. Ne2 cxd5 38. exd5 f6 39. Kc2 Ne3+ 40. Kd3 Nxg4
41. c4 Nc7 42. Nc3 Kd6 43. Nb5+ Nxb5 44. cxb5 Kxd5 45. b6 Kc6 46. Ke4 Kxb6 47.
Kd3 Kc5 48. Ke2 Kd4 49. Kf3 f5 50. Ke2 e4 51. Ke1 f4 52. Kf1 f3 53. Ke1 e3 54.
Kf1 Kd3 55. Ke1 g5 56. Kf1 e2+ 57. Ke1 f2# 0-1

[Event "Challenge"]
[Site "http://www.queenalice.com/game.php?id=25176"]
[Date "2005.8.21"]
[Round "-"]
[White "luiz"]
[Black "LL"]
[Result "1-0"]
[WhiteElo "1370"]
[BlackElo "1391"]

1. e3 d5 2. d4 Nf6 3. Nf3 Ne4 4. Bd3 Nxf2 5. Kxf2 g6 6. Rf1 Bg4 7. Kg1 Bh6 8.
Qe1 Bxf3 9. Rxf3 O-O 10. Qh4 Bg7 11. b3 Bf6 12. Qf4 Nc6 13. c4 Nb4 14. e4 Bxd4+
15. Be3 Bxa1 16. Rh3 Nxd3 17. Qh6 Re8 18. Bd2 e5 19. Rxd3 d4 20. Rh3 c5 21.
Qxh7+ Kf8 22. Bh6+ Ke7 23. Bg5+ Kd7 24. Bxd8 Raxd8 25. Qxf7+ Re7 26. Qxg6 Rf8
27. Rh7 d3 28. Rxe7+ Kxe7 29. Qg5+ Ke6 30. Qc1 Bd4+ 31. Kh1 a6 32. h4 Rf4 33. g3
Rxe4 34. Qh6+ Kf7 35. Qh7+ Kf6 36. Qxe4 b5 37. Qxd3 b4 38. Nd2 a5 39. g4 Bf2 40.
Qf5+ Ke7 41. Qxf2 e4 42. Nxe4 Ke6 43. Qf5+ Ke7 44. Qf6+ Ke8 45. Qg7 Kd8 46. Nf6
Kc8 47. h5 Kb8 48. h6 a4 49. h7 axb3 50. h8=Q# 1-0

[Event "Challenge"]
[Site "http://www.queenalice.com/game.php?id=36249"]
[Date "2005.11.3"]
[Round "-"]
[White "luiz"]
[Black "franckscarduelli"]
[Result "1-0"]
[WhiteElo "1380"]
[BlackElo "1420"]

1. e3 e6 2. d4 d5 3. Nf3 c6 4. Be2 Nf6 5. O-O Bd6 6. b3 O-O 7. Ba3 Ne4 8. Qd3
Ng5 9. Nxg5 Qxg5 10. Bxd6 Rd8 11. Bxb8 Rxb8 12. Nd2 e5 13. Nf3 Qh6 14. Nxe5 Rf8
15. Bg4 f6 16. Nd7 Bxd7 17. Bxd7 f5 18. Bxf5 g6 19. Be6+ Kh8 20. c4 Rbd8 21.
cxd5 cxd5 22. Rac1 Rf6 23. Bc8 g5 24. Bxb7 Qh5 25. Rc6 Rdf8 26. Rxf6 Rxf6 27.
Bc8 Rh6 28. h3 a6 29. Qf5 Rg6 30. Qxd5 Qh6 31. Qe5+ Qg7 32. Qxg7+ Rxg7 33. Bxa6
h5 34. Bc8 Rg8 35. Bf5 Kg7 36. g4 h4 37. e4 Rd8 38. d5 Re8 39. d6 Ra8 40. d7 Rd8
41. e5 Kf8 42. e6 Ke7 43. a4 Rb8 44. Rd1 Kf6 45. d8=Q+ Rxd8 46. Rxd8 Ke5 47. e7
Kf4 48. e8=Q Kf3 49. Qe3# 1-0